1385 1390 1570 1336 1636 1103 1451 1360 1707 1293 1617 1016 1176 1998 1946 1378 1839 1600 1469 1688 1569 1509 1944 1777 1764 1692 1182 1801 1577 1177 1279 1854 1323 1526 1390 1898 1004 1979 1276 1599 1826 1421 1999 1365 1020 1097 1097 1417 1405 1213 1156 1754 1518 1108 1489 1835 1998 1321 1477 1572 1230 1797 1621 1748 1157 1821 1072 1474 1307 1384 1290 1110 1475 1285 1119 1449 1526 1677 1460 1172 1386 1932 1567 1048 1989 1671 1653 1568 1213 1079 1709 1682 1775 1382 1784 1853 1546 1628 1189 BCNSPRNW ULIB Ver.6.0+V

เปลี่ยนเป็นภาษาไทย

Change to English
 แสดงรายละเอียดบรรณานุกรม
  กลับหน้าหลัก

Brief Record : Get Marc (ISO 2709) : E-mail record : QR code < ปิดหน้าต่าง
LEADER : 00000nam 2200000uu 4500
001    13399107763
003     ULIB
008    110202s2553||||th 000 0 tha d
020    9789744025531
060  4 WQ100^bม735ส 2553
245 00 สูตินรีเวชวิทยาพื้นฐาน=^bBasic OB & GYN^cบรรณาธิการ เมธาพันธ์ กิจพรธีรานันท์(และคนอื่นๆ)
246 0  Basic OB & GYN
250    พิมพ์ครั้งที่ 1
260    กรุงเทพฯ ^bบริษัท ไฮเอ็ดพับลิชชิ่ง จำกัด,^c2553
300    136 หน้า :^bภาพประกอบ
650  7 สูติศาสตร์
650  7 การคุมกำเนิด
650  7 ภาวะมีบุตรยาก
650  7 การทำคลอด
945    ^p140^l0^i029362
945    ^p140^l0^i029361
945    ^p140^l0^i029360
945    ^p140^l0^i029172
945    ^p140^l0^i027898
945    ^p140^l0^i027897
945    ^p140^l0^i027894
945    ^p140^l0^i027895
945    ^p140^l0^i027896
945    ^p140^l0^i029534
945    ^p140^l0^i027899
995    ทศพร
999 ^a ใช้งานได้ทุกระบบ
รายการนี้ยังไม่มีแท็ก
คุณยังไม่ได้ล็อกอิน คุณสามารถมีกิจกรรมร่วมกับเว็บไซต์ได้ แต่ต้องล็อกอินก่อน ::
  ล็อกอิน

รายการสื่อสารสนเทศ

ลำดับที่ ประเภท เลขเรียก/บาร์โค้ด สถานที่ สถานะ
1. วิทยาศาสตร์การแพทย์ และสุขภาพ
หนังสือสำรอง
สถานะ=หนังสือสำรอง
WQ100 ม735ส 2553 ฉ.1 
  Barcode: 027894
ห้องสมุดวิทยาเขตสวรรค์ประชารักษ์
►ส่วนจัดเก็บหนังสือเก่า สปร
บนชั้น
  ขอยืม
2. วิทยาศาสตร์การแพทย์ และสุขภาพ
วิทยาศาสตร์การแพทย์ และสุขภาพ
WQ100 ม735ส 2553 ฉ.10 
  Barcode: 029362
ห้องสมุดวิทยาเขตสวรรค์ประชารักษ์
►ส่วนจัดเก็บหนังสือเก่า สปร
บนชั้น
  ขอยืม
3. วิทยาศาสตร์การแพทย์ และสุขภาพ
วิทยาศาสตร์การแพทย์ และสุขภาพ
WQ100 ม735ส 2553 ฉ.11 
  Barcode: 029534
ห้องสมุดวิทยาเขตสวรรค์ประชารักษ์
►ส่วนจัดเก็บหนังสือเก่า สปร
บนชั้น
  ขอยืม
4. วิทยาศาสตร์การแพทย์ และสุขภาพ
วิทยาศาสตร์การแพทย์ และสุขภาพ
WQ100 ม735ส 2553 ฉ.2 
  Barcode: 027895
ห้องสมุดวิทยาเขตสวรรค์ประชารักษ์
►ส่วนจัดเก็บหนังสือเก่า สปร
บนชั้น
  ขอยืม
5. วิทยาศาสตร์การแพทย์ และสุขภาพ
วิทยาศาสตร์การแพทย์ และสุขภาพ
WQ100 ม735ส 2553 ฉ.3 
  Barcode: 027896
ห้องสมุดวิทยาเขตสวรรค์ประชารักษ์
►ส่วนจัดเก็บหนังสือเก่า สปร
บนชั้น
  ขอยืม
6. วิทยาศาสตร์การแพทย์ และสุขภาพ
วิทยาศาสตร์การแพทย์ และสุขภาพ
WQ100 ม735ส 2553 ฉ.4 
  Barcode: 027897
ห้องสมุดวิทยาเขตสวรรค์ประชารักษ์
►ส่วนจัดเก็บหนังสือเก่า สปร
บนชั้น
  ขอยืม
7. วิทยาศาสตร์การแพทย์ และสุขภาพ
วิทยาศาสตร์การแพทย์ และสุขภาพ
WQ100 ม735ส 2553 ฉ.5 
  Barcode: 027898
ห้องสมุดวิทยาเขตสวรรค์ประชารักษ์
►ส่วนจัดเก็บหนังสือเก่า สปร
บนชั้น
  ขอยืม
8. วิทยาศาสตร์การแพทย์ และสุขภาพ
วิทยาศาสตร์การแพทย์ และสุขภาพ
WQ100 ม735ส 2553 ฉ.6 
  Barcode: 027899
ห้องสมุดวิทยาเขตสวรรค์ประชารักษ์
►ส่วนจัดเก็บหนังสือเก่า สปร
บนชั้น
  ขอยืม
9. วิทยาศาสตร์การแพทย์ และสุขภาพ
วิทยาศาสตร์การแพทย์ และสุขภาพ
WQ100 ม735ส 2553 ฉ.7 
  Barcode: 029172
ห้องสมุดวิทยาเขตสวรรค์ประชารักษ์
►ส่วนจัดเก็บหนังสือเก่า สปร
บนชั้น
  ขอยืม
10. วิทยาศาสตร์การแพทย์ และสุขภาพ
วิทยาศาสตร์การแพทย์ และสุขภาพ
WQ100 ม735ส 2553 ฉ.8 
  Barcode: 029360
ห้องสมุดวิทยาเขตสวรรค์ประชารักษ์
►ส่วนจัดเก็บหนังสือเก่า สปร
บนชั้น
  ขอยืม
11. วิทยาศาสตร์การแพทย์ และสุขภาพ
วิทยาศาสตร์การแพทย์ และสุขภาพ
WQ100 ม735ส 2553 ฉ.9 
  Barcode: 029361
ห้องสมุดวิทยาเขตสวรรค์ประชารักษ์
►ส่วนจัดเก็บหนังสือเก่า สปร
บนชั้น
  ขอยืม

รายการใกล้เคียง
    หัวเรื่อง [สูติศาสตร์]
    หัวเรื่อง [การคุมกำเนิด]
    หัวเรื่อง [ภาวะมีบุตรยาก]
    หัวเรื่อง [การทำคลอด]

BibComment


ยังไม่เคยถูกคอมเมนท์

คอมเมนท์ทรัพยากรรายการนี้
  คอมเมนท์: สูตินรีเวชวิทยาพื..


 Copyright 2026. Bcnsprnw @Library